000 00842nam a2200277 4500
001
003 DO-SdBNP
005 20220511081748.0
008 140604s2004 sp 000 0 spad d
040 _aBPMSU
_bspa
_cBPMSU
082 _aR923
_bP967H 2004
_222
100 1 _aFernández-Armesto, Felipe,
_d1950-.
245 1 0 _aProtagonistas de la historia /
_cFelipe Fernández-Armesto ; prólogo de Hugo Thomas
246 1 3 _aCristóbal Colón
260 _aBarcelona :
_bBiblioteca ABC,
_c2004
300 _av. ;
_c23 cm.
490 0 _aProtagonistas de la historia
_v7
500 _a Incluye índice
590 _6Inventariado,2022/VM
600 1 4 _aColón, Cristóbal,
_d1451-1506.
650 4 _aPersonajes
_vBiografías
700 1 _aThomas,Hugo
_eprólogo
740 _aCristóbal Colón
910 _aVMateo V
942 _2ddc
_cBK
999 _c14194
_d14194